000 00649nam a2200217Ia 4500
001 16987
003 GE_BSU
008 181216s||||||||xx |||||||||||||| ||und||
040 _cGE_BSU
080 _a821-1
100 _aბერულავა, ხუტა
245 _aრჩეული თარგმანები.
245 _cრედ.რ.ორჯონიკიძე
260 _aთბილისი
260 _bსაბჭ. მწერალი
260 _c1955
300 _a126გვ. ; 15სმ
653 _aმოთხრობა
653 _aრჩეული თარგმანები.
942 _cBK
999 _c50049
_d50049